Indian history : (Record no. 193758)

MARC details
000 -LEADER
fixed length control field 00833nam a22002057a 4500
005 - DATE AND TIME OF LATEST TRANSACTION
control field 20230503170414.0
010 ## - LCCN (DPL NO)
LC control number B-746962-973 E.N.A./ 7.11.22
020 ## - INTERNATIONAL STANDARD BOOK NUMBER
International Standard Book Number 9789390219179
Terms of availability 1095.00
035 ## - SYSTEM CONTROL NUMBER
System control number B-746962-973
037 ## - SOURCE OF ACQUISITION
Source of stock number/acquisition Pragti Publication
082 ## - DEWEY DECIMAL CLASSIFICATION NUMBER
Classification number 954
100 1# - MAIN ENTRY--PERSONAL NAME
Personal name Reddy, Krishna
245 1# - TITLE STATEMENT
Title Indian history :
Remainder of title for the UPSC civil services preliminary examination/
Statement of responsibility, etc by K.Krishna Reddy
250 ## - EDITION STATEMENT
Edition statement 3rd ed.
260 ## - PUBLICATION, DISTRIBUTION, ETC. (IMPRINT)
Place of publication, distribution, etc Greater noida( U.P.)
Name of publisher, distributor, etc Tata Mc-Graw Hill Publishing
Date of publication, distribution, etc 2022
270 ## - ADDRESS
Address 26E, sector-31 Greater noida
City Noida ( U.P.)
Postal code 201306
300 ## - PHYSICAL DESCRIPTION
Extent various p.
Dimensions 24cm (pbk)
942 ## - ADDED ENTRY ELEMENTS (KOHA)
Item type English Books
Source of classification or shelving scheme Dewey Decimal Classification
Call number suffix RED
Classification part 954
Holdings
Withdrawn status Lost status Not for loan Collection code Home library Current library Date acquired Source of acquisition Cost, normal purchase price Full call number Barcode Copy number Cost, replacement price Koha item type
      Non-fiction Ashok Vihar Ashok Vihar 03/05/2023 Pragati Pub./11/25.11.22/193/23.11.22/2.12.22 1095.00 954 RED B-746966 1 1095.00 English Books
      Non-fiction Bagh Kadhe Khan Bagh Kadhe Khan 03/05/2023 Pragati Pub./11/25.11.22/193/23.11.22/2.12.22 1095.00 954 RED B-746971 1 1095.00 English Books
      Non-fiction Bawana Bawana 03/05/2023 Pragati Pub./11/25.11.22/193/23.11.22/2.12.22 1095.00 954 RED B-746972 1 1095.00 English Books
      Non-fiction Central Library Central Library 03/05/2023 Pragati Pub./11/25.11.22/193/23.11.22/2.12.22 1095.00 954 RED B-746962 1 1095.00 English Books
      Non-fiction Janak Puri Janak Puri 03/05/2023 Pragati Pub./11/25.11.22/193/23.11.22/2.12.22 1095.00 954 RED B-746968 1 1095.00 English Books
      Non-fiction Mobile Library Mobile Library 03/05/2023 Pragati Pub./11/25.11.22/193/23.11.22/2.12.22 1095.00 954 RED B-746963 3 1095.00 English Books
      Non-fiction Mobile Library Mobile Library 03/05/2023 Pragati Pub./11/25.11.22/193/23.11.22/2.12.22 1095.00 954 RED B-746964 3 1095.00 English Books
      Non-fiction Mobile Library Mobile Library 03/05/2023 Pragati Pub./11/25.11.22/193/23.11.22/2.12.22 1095.00 954 RED B-746965 3 1095.00 English Books
      Non-fiction Patel Nagar Patel Nagar 03/05/2023 Pragati Pub./11/25.11.22/193/23.11.22/2.12.22 1095.00 954 RED B-746967 1 1095.00 English Books
      Non-fiction Sarojini Nagar Sarojini Nagar 03/05/2023 Pragati Pub./11/25.11.22/193/23.11.22/2.12.22 1095.00 954 RED B-746969 1 1095.00 English Books
      Non-fiction Shahdara Branch Shahdara Branch 03/05/2023 Pragati Pub./11/25.11.22/193/23.11.22/2.12.22 1095.00 954 RED B-746973 1 1095.00 English Books
      Non-fiction Vinoba Puri Vinoba Puri 03/05/2023 Pragati Pub./11/25.11.22/193/23.11.22/2.12.22 1095.00 954 RED B-746970 1 1095.00 English Books

© Delhi Public Library
Hit Counter
free hit counter